Régime des établissements pénitentiaires (Record no. 165774)
[ view plain ]
| 000 -LEADER | |
|---|---|
| campo de control de longitud fija | 00813nam a2200181 i 4500 |
| 001 - NÚMERO DE CONTROL | |
| campo de control | 165774 |
| 003 - IDENTIFICADOR DE NÚMERO DE CONTROL | |
| campo de control | ES-MaACL |
| 005 - FECHA Y HORA DE LA ÚLTIMA TRANSACCIÓN | |
| campo de control | 20240711115657.0 |
| 008 - DATOS DE LONGITUD FIJA--INFORMACIÓN GENERAL | |
| campo de control de longitud fija | 050906s1875 be |||| | fre d |
| 100 1# - ENTRADA PRINCIPAL--NOMBRE DE PERSONA | |
| Nombre de persona | Stevens, Jean-Baptiste J. G. |
| 9 (RLIN) | 165547 |
| 245 10 - MENCIÓN DEL TÍTULO | |
| Título | Régime des établissements pénitentiaires |
| Resto del título | : enquête parlementaire / |
| Mención de responsabilidad, etc. | déposition de M. Stevens ; rapport de M. Charles Lucas a l'Académie des Sciences Morales et Politiques. |
| 260 ## - PUBLICACIÓN, DISTRIBUCIÓN, ETC. | |
| Lugar de publicación, distribución, etc. | Bruxelles ; |
| -- | Leipzig : |
| Nombre del editor, distribuidor, etc. | Librairie Européenne C. Muquardt, Merzbach & Falk, |
| Fecha de publicación, distribución, etc. | 1875. |
| 300 ## - DESCRIPCIÓN FÍSICA | |
| Extensión | 164 p. ; |
| Dimensiones | 18 cm. |
| 650 #4 - PUNTO DE ACCESO ADICIONAL DE MATERIA--TÉRMINO DE MATERIA | |
| Término de materia o nombre geográfico como elemento de entrada | Establecimientos penitenciarios- |
| Subdivisión geográfica | Francia. |
| 9 (RLIN) | 143319 |
| 700 1# - ENTRADA AGREGADA--NOMBRE PERSONAL | |
| Nombre de persona | Lucas, Charles, |
| Fechas asociadas al nombre | 1803-1889 |
| 9 (RLIN) | 129118 |
| 852 ## - LOCALIZACIÓN | |
| Ubicación | ES-MaACL |
| Número de control de estantería | D-285 |
| Nota libre | - Enc. hol., conservando cub. original |
| -- | . - Donativo de Lastres |
| Estatus retirado | Estado de pérdida | Estado de daño | No para préstamo | Colección | Biblioteca de origen | Biblioteca actual | Ubicación en estantería | Fecha de adquisición | Fuente de adquisición | Total de préstamos | Signatura topográfica completa | Código de barras | Visto por última vez | Precio de reemplazo | Tipo de ítem Koha |
|---|---|---|---|---|---|---|---|---|---|---|---|---|---|---|---|
| Libros del s. XIX | Biblioteca del Ateneo de Madrid | Biblioteca del Ateneo de Madrid | Sala Valle Inclán | 17/01/2008 | D-285 | 901173852 | 23/02/2023 | 23/02/2023 | Libro impreso antiguo |
